000 00948nam a22002297a 4500
005 2011072608268.0
010 _a441244
020 _a8123722060
_c55.00
035 _a441244
037 _bNational Book Trust
082 _a745.0954
100 _aDhamija, Jasleen
_930581
245 _aIndian folk arts and crafts /
_cby Jasleen Dhamija
260 _aNew Delhi
_bNational Book Trust
_c1992
270 _aNehru Bhawan, 5 Institutional Area, Phase-II, Vasant Kunj
_bNew Delhi
_e110070
300 _a101p
_c26cm(pbk)
490 _aIndia-the land and the people
_930582
700 _95645
942 _2ddc
_cEN
_mDHA
_h745.0954
999 _c54366
_d54366